Statistics for Famous People Born in Maine

Click here to take the quiz!

General Stats

  • This quiz has been taken 91 times
  • The average score is 3 of 8

Answer Stats

DescriptionFamous PersonBirth City% Correct
Horror writer of ItStephen KingPortland
94%
Actor as Derek on Grey's AnatomyPatrick DempseyLewiston
65%
Actress of Trolls and Pitch PerfectAnna KendrickPortland
53%
Actor of The Breakfast Club and St. Elmo's FireJudd NelsonPortland
35%
Director of StagecoachJohn FordCape Elizabeth
32%
Vice president under Gerald FordNelson RockefellerBar Harbor
32%
Pop singer of Collide and She SaysHowie DayBangor
24%
Host of Dancing with the StarsErin AndrewsLewiston
12%

Score Distribution

Percentile by Number Answered

Percent of People with Each Score

Your Score History

You have not taken this quiz